Estatísticas para Times que disputarão a Copa do Brasil em 2021

Clique aqui para jogar o quiz

Estatísticas Gerais

  • Esse quiz foi jogado 114 vezes
  • A pontuação média é 75 de 92

Estatísticas das Respostas

CidadeFase de entradaTime% Correto
São Paulo - SPTerceiraPalmeiras
100%
Venda Nova do Imigrante - ESPrimeiraRio Branco F. C.
100%
Santos - SPTerceiraSantos
100%
São Paulo - SPTerceiraSão Paulo
100%
Rio Branco - ACPrimeiraAtlético Acreano
99%
Alagoinhas - BAPrimeiraAtlético de Alagoinhas
99%
Goiânia - GOPrimeiraAtlético Goianiense
99%
Belo Horizonte - MGTerceiraAtlético Mineiro
99%
Belo Horizonte - MGPrimeiraCruzeiro
97%
Rio de Janeiro - RJTerceiraFlamengo
97%
Rio de Janeiro - RJTerceiraFluminense
97%
Fortaleza - CETerceiraCeará
96%
Chapecó - SCTerceiraChapecoense
96%
Curitiba - PRPrimeiraCoritiba
96%
Natal - RNPrimeiraAmérica de Natal
94%
Salvador - BAPrimeiraBahia
94%
Rio de Janeiro - RJPrimeiraBotafogo
94%
Criciúma - SCPrimeiraCriciúma
94%
Volta Redonda - RJPrimeiraVolta Redonda
94%
Belo Horizonte - MGPrimeiraAmérica Mineiro
93%
São Paulo - SPPrimeiraCorinthians
93%
Cuiabá - MTPrimeiraCuiabá
93%
Fortaleza - CEPrimeiraFortaleza
93%
Joinville - SCPrimeiraJoinville
93%
Recife - PEPrimeiraSport
93%
Brusque - SCPrimeiraBrusque
91%
Caxias do Sul - RSPrimeiraCaxias
91%
Goiânia - GOPrimeiraGoiás
91%
Rio de Janeiro - RJPrimeiraVasco
91%
Cianorte - PRPrimeiraCianorte
90%
Maceió - ALPrimeiraCSA
90%
Caxias do Sul - RSPrimeiraJuventude
90%
São Mateus do Maranhão - MAPrimeiraJuventude
90%
Campinas - SPPrimeiraPonte Preta
90%
Santa Cruz do Sul - RSPrimeiraSanta Cruz
90%
Recife - PEPrimeiraSanta Cruz
90%
Salvador - BAPrimeiraVitória
90%
Natal - RNPrimeiraABC
89%
Gama - DFPrimeiraGama
89%
Porto Alegre - RSTerceiraGrêmio
89%
Mirassol - SPPrimeiraMirassol
89%
Curitiba - PRPrimeiraParaná Clube
89%
Belém - PAPrimeiraRemo
89%
Maceió - ALPrimeiraCRB
87%
Porto Alegre - RSTerceiraInternacional
87%
Belém - PAPrimeiraPaysandu
87%
Bragança Paulista - SPPrimeiraRed Bull Bragantino
87%
Curitiba - PRTerceiraAthletico Paranaense
86%
Florianópolis - SCPrimeiraAvaí
86%
Cascavel - PRPrimeiraCascavel
86%
Manaus - AMPrimeiraManaus
86%
Salgueiro - PEPrimeiraSalgueiro
86%
Goiânia - GOPrimeiraVila Nova
86%
Taguatinga - DFTerceiraBrasiliense
84%
Tombos - MGPrimeiraTombense
84%
Uberlândia - MGPrimeiraUberlândia
84%
Florianópolis - SCPrimeiraFigueirense
83%
Marília - SPPrimeiraMarília
83%
Campina Grande - PBPrimeiraCampinense
81%
Goianésia - GOPrimeiraGoianésia
81%
Jaraguá - GOPrimeiraJaraguá
80%
Palmas - TOPrimeiraPalmas
80%
Saquarema - RJPrimeiraBoavista
79%
Poços de Caldas - MGPrimeiraCaldense
79%
Juazeiro - BAPrimeiraJuazeirense
79%
Murici - ALPrimeiraMurici
79%
Picos - PIPrimeiraPicos
79%
Castanhal - PAPrimeiraCastanhal
76%
Ponta Grossa - PRPrimeiraOperário
76%
Aracaju - SEPrimeiraSergipe
76%
Lucas do Rio Verde - MTPrimeiraLuverdense
74%
São Luís - MAPrimeiraSampaio Corrêa
74%
Vitória - ESPrimeiraRio Branco A.C.
71%
Aracaju - SEPrimeiraConfiança
69%
São Luís - MAPrimeiraMoto Club
66%
Porto Velho - ROPrimeiraPorto Velho
66%
Campina Grande - PBPrimeiraTreze
66%
Rondonópolis - MTPrimeiraUnião Rondonópolis
66%
Rio de Janeiro - RJPrimeiraMadureira
63%
Nova Mutum - MTPrimeiraNova Mutum
63%
Fortaleza - CEPrimeiraFerroviário
60%
Sobral - CEPrimeiraGuarany
60%
Erechim - RSPrimeiraYpiranga
57%
Macapá - APPrimeiraYpiranga
57%
Piripiri - PIPrimeira4 de Julho
53%
Bento Gonçalves - RSPrimeiraEsportivo
46%
Vila Planalto - DFPrimeiraReal Brasília
43%
Boa Vista - RRPrimeiraSão Raimundo
43%
Rio Branco - ACPrimeiraGalvez
40%
Camaragibe - PEPrimeiraRetrô
40%
Rio Brilhante - MSPrimeiraÁguia Negra
36%
Itacoatiara - AMPrimeiraPenarol
33%

Distribuição das Pontuações

Percentil de Números Respondidos

Porcentagem de Pessoas com Cada Pontuação

Sua Pontuação Histórica

Você não jogou esse quiz